| 000 | 00711nam a2200193 i 4500 | ||
|---|---|---|---|
| 001 | 144135 | ||
| 003 | ES-MaACL | ||
| 005 | 20230906200942.0 | ||
| 007 | t| | ||
| 008 | 070214s1944 sp r ||||1| spa d | ||
| 100 | 1 |
_aSiebeck, Richard. _9106211 |
|
| 245 | 1 | 0 |
_aDiagnóstico individual y tratamiento de los cardiópatas / _cRichard Siebeck ; traducción de la segunda edición alemana por Alfonso Balcells Gorina, José González Campo de Cos. |
| 260 |
_aBarcelona : _bEd. Manuel Marín, _c1944. |
||
| 300 |
_a308 p. : _bil. ; _c22 cm. |
||
| 650 | 4 |
_aCorazón- _xEnfermedades. _9144728 |
|
| 700 | 1 |
_aBalcells Gorina, A. _924868 |
|
| 700 | 1 |
_aGonzález-Campo de Cos, José. _958488 |
|
| 852 |
_aES-MaACL _jE-192 |
||
| 999 |
_c144135 _d144135 |
||